The structure of computers and computations /
Guardado en:
| Autor Principal: | |
|---|---|
| Formato: | Libro |
| Idioma: | English |
| Publicado: |
New York :
Wiley,
c1978-
|
| Materias: | |
| Etiquetas: |
Agregar Etiqueta
Sin Etiquetas, Sea el primero en etiquetar este registro!
|
| LEADER | 00590pam a2200193 a 4500 | ||
|---|---|---|---|
| 001 | MAT.inmabb002744 | ||
| 008 | 780317m19789999nyua#####b####001#0#eng## | ||
| 005 | 20110908122607.0 | ||
| 245 | 1 | 4 | |a The structure of computers and computations / |c David J. Kuck. |
| 260 | |a New York : |b Wiley, |c c1978- | ||
| 300 | |a v. : |b il. ; |c 24 cm. | ||
| 504 | |a Bibliografía: p. [575]-596. | ||
| 020 | |a 0471027162 (v. 1) | ||
| 100 | 1 | |a Kuck, David J. | |
| 650 | 0 | |a Computer architecture. | |
| 084 | |a 68 |2 msc2000 | ||
| 010 | |a 78005412 | ||
| 040 | |a DLC |c DLC |d DLC | ||
| 859 | |h 68 |i K95 |p A-5193 |v 1 |3 Vol. 1 |b BIB. MATEMATICA | ||
